000 00344 a2200157 4500
001 184786
020 _a85-7272-210-6
040 _cMagnum
100 _aMachado, Ana Maria
240 1 0 _aO cavaleiro do sonho
_lpor
245 1 0 _aO cavaleiro do sonho
300 _a
362 0 _a2005
697 _aLITERATURA INFANTO-JUVENIL
942 _cBK
999 _c184786
_d184786